Missing Word: Les Misérables Cast (2012) Quiz Stats

 Plays Quiz Updated May 8, 2013

     
Support Sporcle.
Go Orange.
Score 0/24 Timer 03:00
0 Plays Today
Actors Answer % Correct
Amanda SeyfriedMia
96.1%
Anne HathawayDevil
95.9%
Sacha Baron CohenTodd
93%
Helena Bonham CarterDeathly
91%
Anne HathawayRises
90.3%
Sacha Baron CohenWanted
85.8%
Helena Bonham CarterSpeech
81.9%
Russell CroweBeautiful
80.5%
Sacha Baron CohenNights
78.6%
Amanda SeyfriedMean
75.3%
Amanda SeyfriedDear
75.2%
Anne HathawayBrokeback
74%
Actors Answer % Correct
Hugh JackmanWolverine
71%
Sacha Baron CohenBorat
69.8%
Russell CroweConfidential
69.6%
Russell CroweYuma
69%
Helena Bonham CarterFight
67.3%
Anne HathawayMarried
66.1%
Russell CroweMaster
62.3%
Hugh JackmanLeopold
54.3%
Hugh JackmanFeet
52.3%
Amanda SeyfriedJuliet
41.4%
Hugh JackmanSteel
32.6%
Helena Bonham CarterMuseum
4.5%

Today's Daily Dose

Get the Picture
Alien TV Shows

From the Vault

James Dean Films

by cronic

Movies 30s
'Dream as if you'll live forever. Live as if you'll die today.' - James Dean
Remove Ads.
Support Sporcle.
Get the best of Sporcle when you Go Orange. This ad-free experience offers more features, more stats, and more fun while also helping to support Sporcle. Thank you for becoming a member.

Show Comments

Extras

Top Quizzes Today


Score Distribution

Your Account Isn't Verified!

In order to create a playlist on Sporcle, you need to verify the email address you used during registration. Go to your Sporcle Settings to finish the process.

Report this User

Report this user for behavior that violates our Community Guidelines.

Details: